| Tag |
First Indicator |
Second Indicator |
Subfields |
| LEADER |
00000cam a2200000 i 4500 |
| 001 |
in00003525613 |
| 005 |
20210430152721.0 |
| 006 |
m o d f |
| 007 |
cr c|||||a|||| |
| 008 |
150202s2014 vauab ob f000 0 eng c |
| 035 |
|
|
|a (OCoLC)ocn902654804
|
| 042 |
|
|
|a pcc
|
| 043 |
|
|
|a n-ust--
|a n-usu--
|
| 040 |
|
|
|a ORE
|b eng
|e rda
|e pn
|c ORE
|d ORE
|d OLA
|d GPO
|d MvI
|
| 049 |
|
|
|a WWW
|
| 074 |
|
|
|a 0620-A (online)
|
| 086 |
0 |
|
|a I 19.4/2:1358
|
| 100 |
1 |
|
|a Thiros, Susan A.,
|e author.
|
| 245 |
1 |
0 |
|a Water quality in basin-fill aquifers of the southwestern United States :
|b Arizona, California, Colorado, Nevada, New Mexico, and Utah, 1993-2009 /
|c by Susan A. Thiros [and three others] ; National Water-Quality Assessment Program.
|
| 246 |
1 |
|
|i At head of title:
|a Quality of our nation's waters
|
| 264 |
|
1 |
|a Reston, Virginia :
|b U.S. Department of Interior, U.S. Geological Survey,
|c 2014.
|
| 300 |
|
|
|a 1 online resource (viii, 113 pages) :
|b color illustrations, color maps +
|e 1 spreadsheet.
|
| 336 |
|
|
|a text
|2 rdacontent
|
| 337 |
|
|
|a computer
|2 rdamedia
|
| 338 |
|
|
|a online resource
|2 rdacarrier
|
| 490 |
1 |
|
|a Circular / U.S. Geological Survey ;
|v 1358
|
| 500 |
|
|
|a Title from title screen (viewed Apr. 15, 2015).
|
| 500 |
|
|
|a Online resource consists of PDF report and supplemental Microsoft Excel spreadsheet.
|
| 504 |
|
|
|a Includes bibliographical references (pages 95-99).
|
| 650 |
|
0 |
|a Water quality
|z Southwestern States.
|
| 650 |
|
0 |
|a Groundwater
|x Quality
|z Southwestern States.
|
| 710 |
2 |
|
|a Geological Survey (U.S.),
|e issuing body.
|
| 710 |
2 |
|
|a National Water-Quality Assessment Program (U.S.),
|e sponsoring body.
|
| 776 |
0 |
8 |
|i Print version:
|a Thiros, Susan A.
|t Water quality in basin-fill aquifers of the southwestern United States
|w (OCoLC)869460547
|
| 830 |
|
0 |
|a U.S. Geological Survey circular ;
|v 1358.
|
| 856 |
4 |
0 |
|u https://purl.fdlp.gov/GPO/gpo56702
|t 0
|
| 856 |
4 |
0 |
|u http://purl.fdlp.gov/GPO/gpo56702
|t 0
|
| 999 |
f |
f |
|s e3c6a2d7-c661-37fd-a17e-574bacb3483d
|i 1172d1d6-aa35-3bfd-bf66-b1ab30871b9b
|t 0
|
| 952 |
f |
f |
|a Texas A&M University
|b College Station
|c Electronic Resources
|d Available Online
|t 0
|e I 19.4/2:1358
|h Superintendent of Documents classification
|
| 998 |
f |
f |
|a I 19.4/2:1358
|t 0
|l Available Online
|